Statistics for Fields of the Law

Click here to take the quiz!

General Stats

  • This quiz has been taken 577 times
  • The average score is 12 of 25

Answer Stats

HintAnswer% Correct
Bad peopleCriminal Law
90%
Law studying the founding document of a nationConstitutional Law
82%
Coming into a countryImmigration Law
77%
PromisesContracts
73%
Between countriesInternational Law
71%
KinFamily Law
69%
My stuffProperty Law
59%
What is owed to the governmentTax Law
58%
Everything outside of contracts - or almostTorts
58%
WorkEmployment Law
55%
Owning and inventionPatent Law
52%
ProofEvidence Law
51%
SuccessionWills & Estates
48%
Law of getting aroundTransportation Law
42%
Going to court!Litigation
40%
Government's actionsAdministrative Law
38%
Hospitals and doctorsHealth Law
38%
You and me buying stuff from big corporationsConsumer Law
37%
Big business dealsMergers and acquisitions
36%
Court rulesProcedure Law
35%
Expression of ideasCopyright Law
29%
InternetCyber Law
26%
CompetitionAntitrust Law
21%
Law of fun and gamesEntertainment Law
21%
Getting together to get money!Business organizations
4%

Score Distribution

Percentile by Number Answered

Percent of People with Each Score

Your Score History

You have not taken this quiz